000 00647nam a2200205Ii 4500
003 JO-AjNU
008 230605s9999||||xx |||||||||||||| ||und||
020 _a9957-00-227-9
040 _aJO-AjNU
_bara
_erda
_cJO-AjNU
041 _aara
050 1 4 _aPJ7828.B9A15 2006
100 3 _aحبيبي، اميل ,
_eauthor
_961970
245 0 0 _aسداسية الايام السته وقصص اخرى
264 3 1 _aعمان: دار الشروق اانشر والتوزيع، 2006
300 _a162ص
336 _atext
_btxt
_2rdacontent
337 _aunmediated
_bn
_2rdamedia
338 _avolume
_bnc
_2rdacarrier
650 4 _aروايات
_961971
999 _aA28038
_c31606
_d31606